[Event "Nizhnij Tagil City-ch"]
[Site "Nizhnij Tagil"]
[Date "2007.12.12"]
[Round "9"]
[White "Sanochkin, Sergey"]
[Black "Dashevsky, Sergey"]
[Result "1/2-1/2"]
[WhiteElo "2206"]
[BlackElo "2268"]
[PlyCount "110"]
[EventDate "2007.11.26"]
[EventType "tourn"]
[EventRounds "13"]
[EventCountry "RUS"]
[SourceTitle "EXT 2009"]
[Source "ChessBase"]
[SourceDate "2008.11.26"]
[SourceVersion "1"]
[SourceVersionDate "2008.11.26"]
[SourceQuality "1"]

1. e4 d5 2. exd5 Qxd5 3. Nc3 Qd6 4. d4 Nf6 5. Bc4 Bg4 6. f3 Bf5 7. Be3 e6 8. Qe2 Be7 9. 0-0-0 c6 10. g4 Bg6 11. Nh3 b5 12. Bb3 a5 13. a4 0-0 14. Bf4 Qd7 15. Bg5 b4 16. Ne4 Nxe4 17. fxe4 Bxg5+ 18. Nxg5 Qe7 19. Qe3 c5 20. h4 cxd4 21. Rxd4 Nc6 22. Rd2 h6 23. Nf3 Rad8 24. Rg2 Qa7 25. Qxa7 Nxa7 26. Re1 Nc6 27. Rd2 Rxd2 28. Kxd2 Rd8+ 29. Ke3 Kf8 30. Rc1 f5 31. gxf5 exf5 32. Bd5 fxe4 33. Bxc6 exf3 34. Bxf3 Rc8 35. c4 bxc3 36. Rxc3 Rxc3+ 37. bxc3 Bc2 38. Bc6 Ke7 39. Kd4 Kd6 40. Bb5 g5 41. hxg5 hxg5 42. c4 g4 43. c5+ Ke6 44. c6 Kd6 45. Ke3 Bd1 46. Kf4 Bf3 47. Kg3 Bxc6 48. Bxc6 Kxc6 49. Kxg4 Kc5 50. Kf3 Kb4 51. Ke2 Kxa4 52. Kd2 Kb3 53. Kc1 a4 54. Kb1 a3 55. Ka1 a2 1/2-1/2

[Event "Nizhnij Tagil City-ch"]
[Site "Nizhnij Tagil"]
[Date "2007.12.03"]
[Round "5"]
[White "Sanochkin, Sergey"]
[Black "Povodyr, Alexander"]
[Result "1-0"]
[WhiteElo "2206"]
[BlackElo "1928"]
[PlyCount "41"]
[EventDate "2007.11.26"]
[EventType "tourn"]
[EventRounds "13"]
[EventCountry "RUS"]
[SourceTitle "EXT 2009"]
[Source "ChessBase"]
[SourceDate "2008.11.26"]
[SourceVersion "1"]
[SourceVersionDate "2008.11.26"]
[SourceQuality "1"]

1. e4 c5 2. Nf3 d6 3. d4 cxd4 4. Nxd4 g6 5. Nc3 Bg7 6. Be3 Nf6 7. f3 a6 8. Qd2 0-0 9. 0-0-0 Bd7 10. Bh6 Nc6 11. Bxg7 Kxg7 12. h4 Qb6 13. Nde2 Rac8 14. h5 Ne5 15. Nd4 Be6 16. hxg6 Nxg6 17. Qh6+ Kg8 18. Nd5 Bxd5 19. Nf5 Rxc2+ 20. Kxc2 Qc6+ 21. Kd2 1-0

[Event "Nizhnij Tagil City-ch"]
[Site "Nizhnij Tagil"]
[Date "2007.11.30"]
[Round "4"]
[White "Sufiev, Rinat"]
[Black "Sanochkin, Sergey"]
[Result "0-1"]
[WhiteElo "2183"]
[BlackElo "2206"]
[PlyCount "136"]
[EventDate "2007.11.26"]
[EventType "tourn"]
[EventRounds "13"]
[EventCountry "RUS"]
[SourceTitle "EXT 2009"]
[Source "ChessBase"]
[SourceDate "2008.11.26"]
[SourceVersion "1"]
[SourceVersionDate "2008.11.26"]
[SourceQuality "1"]

1. Nf3 d5 2. d4 Nf6 3. Bg5 Ne4 4. Bf4 c6 5. c3 Nd7 6. Nbd2 Ndf6 7. Qb3 Qb6 8. e3 Nxd2 9. Nxd2 Bf5 10. c4 e6 11. c5 Qxb3 12. axb3 a6 13. b4 Rd8 14. Be2 Be7 15. 0-0 0-0 16. Nb3 Bc2 17. Na5 Rd7 18. Rfc1 Bg6 19. Bxa6 bxa6 20. Nxc6 Bd3 21. Nxe7+ Rxe7 22. Bd6 Ra7 23. Bxf8 Kxf8 24. Ra3 Bb5 25. Rca1 Ne8 26. f3 Nc7 27. Kf2 Rb7 28. g4 f6 29. h4 e5 30. Kg3 Rb8 31. g5 exd4 32. exd4 Re8 33. gxf6 gxf6 34. Ra5 Re2 35. Rxb5 axb5 36. Ra7 Re7 37. Rb7 Kf7 38. h5 Ke6 39. Kg4 Rg7+ 40. Kf4 Kd7 41. Kf5 Rg5+ 42. Kxf6 Rxh5 43. f4 Rh6+ 44. Ke5 Re6+ 45. Kf5 Re4 46. Rb6 Rxd4 47. Rd6+ Kc8 48. Rh6 Rxb4 49. Rxh7 Rc4 50. b4 Rxb4 51. c6 Re4 52. Rh8+ Ne8 53. Kg6 Rxf4 54. Rxe8+ Kc7 55. Kg5 Re4 56. Rh8 Kxc6 57. Kf5 b4 58. Rb8 Kc5 59. Rb7 Re8 60. Rc7+ Kd4 61. Rb7 Kc3 62. Rc7+ Kb2 63. Rd7 b3 64. Rxd5 Ka2 65. Ra5+ Kb1 66. Rb5 b2 67. Ra5 Rc8 68. Ke4 Rc2 0-1

[Event "Nizhnij Tagil City-ch"]
[Site "Nizhnij Tagil"]
[Date "2007.11.28"]
[Round "3"]
[White "Sanochkin, Sergey"]
[Black "Petrov, Yury"]
[Result "1-0"]
[WhiteElo "2206"]
[BlackElo "2090"]
[PlyCount "109"]
[EventDate "2007.11.26"]
[EventType "tourn"]
[EventRounds "13"]
[EventCountry "RUS"]
[SourceTitle "EXT 2009"]
[Source "ChessBase"]
[SourceDate "2008.11.26"]
[SourceVersion "1"]
[SourceVersionDate "2008.11.26"]
[SourceQuality "1"]

1. e4 c6 2. d4 d5 3. f3 Nd7 4. Nc3 Nb6 5. Bf4 Nf6 6. Qd3 Nc4 7. b3 Nb6 8. Nge2 g6 9. e5 Nh5 10. Be3 Ng7 11. Nd1 h5 12. Qd2 Nf5 13. Bf4 h4 14. Nc1 e6 15. Bg5 Be7 16. Bxe7 Qxe7 17. a4 c5 18. a5 Nd7 19. c3 Nb8 20. dxc5 Qxc5 21. b4 Qc7 22. f4 Nc6 23. Bd3 Bd7 24. Nf2 Rc8 25. Ng4 d4 26. Nf6+ Kf8 27. Bxf5 gxf5 28. cxd4 Ne7 29. 0-0 Bc6 30. Nd3 Nd5 31. b5 Nxf6 32. Qb4+ Kg8 33. exf6 Bd5 34. Rac1 Qd8 35. Rxc8 Qxc8 36. Qe7 Qf8 37. Rc1 Qxe7 38. fxe7 Kg7 39. Rc7 Re8 40. Nb4 Be4 41. Kf2 Kf6 42. d5 Rxe7 43. d6 Re8 44. a6 bxa6 45. d7 Rd8 46. Nc6 Bxc6 47. bxc6 Ke7 48. Ke3 a5 49. Kd4 a4 50. Kc5 e5 51. Rc8 Rxd7 52. cxd7 Kxd7 53. Ra8 exf4 54. h3 Ke6 55. Kd4 1-0